000 00837nam a22002777a 4500
003 CHAP
005 20220329133033.0
008 971013s1964 r 00010 d
010 _a1490
011 _a2462
035 _a1656
040 _cCHAP
082 _a510.78
_bL45
100 0 0 _aLevine, Leon.
_966461
245 _aMethods for solving engineering problems, using analog computers
260 _aNew York :
_bMcGraw-Hill,
_c1964
300 _a485 p
590 _aBATCH-UPD
_b10
_c20130110
_lUCH01
_h2032
590 _aBATCH-UPD
_b10
_c20130410
_lUCH01
_h1348
590 _aBATCH-UPD
_b10
_c20130914
_lUCH01
_h0816
590 _aCONVERSION
_b10
_c20130109
_lUCH01
_h1302
650 1 4 _aCalculadoras electrónicas.
_917344
901 _aBK
942 _cLIBRO
949 _a510.78 L45
_bBC
_cLIBRO
_d33724000412961
_eLIBRO
_f10
_h28198
_i1656
_si
999 _c1490
_d1490